| 000 | 01000nam a2200277 i 4500 | ||
|---|---|---|---|
| 001 | 183274 | ||
| 003 | ES-MaACL | ||
| 005 | 20250808062832.0 | ||
| 008 | 140205s1946 sp |||| | spa d | ||
| 080 | _a1 Agustín, Santo | ||
| 080 | _a929 Agustin, Santo | ||
| 100 | 0 |
_aAgustín _cSanto, Obispo de Hipona. _9125563 |
|
| 245 | 1 | 0 |
_aObras de San Agustín. _nT.II, _pIntroducción a la filosofía de San Agustín. Las confesiones / _cedición crítica y anotada por Angel C. Vega. |
| 250 | _aEd. bilingüe. | ||
| 260 |
_aMadrid : _b[La Editorial Católica], _c1946. |
||
| 300 |
_a975 p. ; _c20 cm. |
||
| 490 | 1 | _aBiblioteca de autores cristianos | |
| 490 | 1 | _aB.A.C. Sección VI, Filosofía | |
| 546 | _aTexto en latín y traducción en castellano. | ||
| 700 | 1 |
_aVega, Ángel Custodio. _9113535 |
|
| 830 | 0 | 0 |
_aBiblioteca de autores cristianos _9178679 |
| 830 | 0 |
_aB.A.C. Sección VI, Filosofía _9191901 |
|
| 852 |
_aES-MaACL _jE-4191 |
||
| 999 |
_c183274 _d183274 |
||